<?xml version="1.0" encoding="UTF-8"?>
<record
    xmlns:xsi="http://www.w3.org/2001/XMLSchema-instance"
    xsi:schemaLocation="http://www.loc.gov/MARC21/slim http://www.loc.gov/standards/marcxml/schema/MARC21slim.xsd"
    xmlns="http://www.loc.gov/MARC21/slim">

  <leader>03651pam a22004571i 4500</leader>
  <controlfield tag="001">991007407829707026</controlfield>
  <controlfield tag="003">UkOxU</controlfield>
  <controlfield tag="005">20250915133947.0</controlfield>
  <controlfield tag="006">m    ||  d |      </controlfield>
  <controlfield tag="007">cr |||||||||||</controlfield>
  <controlfield tag="008">170206s2017    enka    ob    001|0|eng|d</controlfield>
  <datafield tag="015" ind1=" " ind2=" ">
    <subfield code="a">GBB724097</subfield>
    <subfield code="2">bnb</subfield>
  </datafield>
  <datafield tag="020" ind1=" " ind2=" ">
    <subfield code="a">9781317536277 (ePub ebook) :</subfield>
    <subfield code="c">&#x110;36.99</subfield>
  </datafield>
  <datafield tag="020" ind1=" " ind2=" ">
    <subfield code="z">9781138848023 (hbk.) :</subfield>
    <subfield code="c">&#x110;100.00</subfield>
  </datafield>
  <datafield tag="020" ind1=" " ind2=" ">
    <subfield code="z">9781138848016 (pbk.) :</subfield>
    <subfield code="c">&#x110;36.99</subfield>
  </datafield>
  <datafield tag="020" ind1=" " ind2=" ">
    <subfield code="a">9781317536284 (PDF ebook) :</subfield>
    <subfield code="c">&#x110;36.99</subfield>
  </datafield>
  <datafield tag="020" ind1=" " ind2=" ">
    <subfield code="a">9781317536260 (Mobipocket ebook) :</subfield>
    <subfield code="c">&#x110;36.99</subfield>
  </datafield>
  <datafield tag="020" ind1=" " ind2=" ">
    <subfield code="a">9781315726205 (ebook) :</subfield>
    <subfield code="c">No price</subfield>
  </datafield>
  <datafield tag="035" ind1=" " ind2=" ">
    <subfield code="a">020919143-44oxf_inst</subfield>
  </datafield>
  <datafield tag="035" ind1=" " ind2=" ">
    <subfield code="a">(UkOxU)020919143</subfield>
  </datafield>
  <datafield tag="035" ind1=" " ind2=" ">
    <subfield code="a">(Uk)018230260</subfield>
  </datafield>
  <datafield tag="037" ind1=" " ind2=" ">
    <subfield code="a">9781317536277</subfield>
    <subfield code="b">Ingram Content Group</subfield>
  </datafield>
  <datafield tag="040" ind1=" " ind2=" ">
    <subfield code="a">StDuBDS</subfield>
    <subfield code="b">eng</subfield>
    <subfield code="e">rda</subfield>
    <subfield code="e">pn</subfield>
    <subfield code="c">StDuBDS</subfield>
    <subfield code="d">Uk</subfield>
  </datafield>
  <datafield tag="042" ind1=" " ind2=" ">
    <subfield code="a">ukblsr</subfield>
  </datafield>
  <datafield tag="100" ind1=" " ind2=" ">
    <subfield code="a">Kelly, David</subfield>
    <subfield code="d">1950-</subfield>
    <subfield code="e">author.</subfield>
  </datafield>
  <datafield tag="245" ind1="1" ind2="0">
    <subfield code="a">Business law </subfield>
    <subfield code="c">/ David Kelly, Ruby Hammer and John Hendy.</subfield>
  </datafield>
  <datafield tag="250" ind1=" " ind2=" ">
    <subfield code="a">Third edition.</subfield>
  </datafield>
  <datafield tag="264" ind1=" " ind2="1">
    <subfield code="a">London :</subfield>
    <subfield code="b">Routledge,</subfield>
    <subfield code="c">2017.</subfield>
  </datafield>
  <datafield tag="300" ind1=" " ind2=" ">
    <subfield code="a">1 online resource :</subfield>
    <subfield code="b">illustrations (colour).</subfield>
  </datafield>
  <datafield tag="500" ind1=" " ind2=" ">
    <subfield code="a">Previous edition: 2014.</subfield>
  </datafield>
  <datafield tag="500" ind1=" " ind2=" ">
    <subfield code="a">Academic</subfield>
  </datafield>
  <datafield tag="504" ind1=" " ind2=" ">
    <subfield code="a">Includes bibliographical references and index.</subfield>
  </datafield>
  <datafield tag="505" ind1=" " ind2=" ">
    <subfield code="a">Part One &#x2014;
Law, Legal Sources and Dispute Resolution &#x2014; The Criminal and Civil Courts &#x2014; Alternative Dispute Resolution

Part Two &#x2014;
Business Transactions &#x2014; Contract (2): Contents of a Contract &#x2014; Contract (3): Vitiating Factors &#x2014; Contract (4): Discharge of a Contract &#x2014; Consumer Protection and Sale of Goods and Services

Part Three &#x2014;
Business Liability &#x2014; Vicarious and Employers&#x2019; Liability &#x2014; Liability for Land and Environmental Damage

Part Four &#x2014;
Business Organisation &#x2014; Partnership Law &#x2014; Company Law (1): The Nature and Formation of Companies &#x2014; Company Law (2): The Management and Operation of Companies

Part Five &#x2014;
Employment Law and Health and Safety &#x2014; Individual Employment Rights (2): Equal Pay and Discrimination &#x2014; Individual Employment Rights (3): Termination &#x2014; Health and Safety Law &#x2014; Intellectual Property Rights.</subfield>
  </datafield>
  <datafield tag="520" ind1=" " ind2=" ">
    <subfield code="a">Business Law offers comprehensive coverage of the key aspects of business law in a straightforward manner that is easy to understand for non-law students.

It describes and considers the full range of legal topics such as Contract, Company and Employment Law, as well as including coverage of emerging areas such as Health and Safety and Environmental Law as they apply to business. Including all the recent major developments in the law such as the Companies Act 2006 the Lisbon Treaty, new regulations on Consumer Protection and the impact of environmental and climate change regulation on businesses, Business Law is one of the most up-to-date textbooks available today.

Key learning features include:

diagrams and tables to illustrate key principles and interrelationships between topics;
key cases boxes which highlight landmark cases for ease of reference;
revision summaries at the end of each chapter to help clarify the key points to focus on for each topic;
an attractive two-colour text design which aids easy understanding and quick referencing.
Primarily designed for undergraduates on business courses, Business Law will also be suitable for all those who need to study the law relating to business as part of their main course.</subfield>
  </datafield>
  <datafield tag="650" ind1=" " ind2="0">
    <subfield code="a">Commercial law</subfield>
    <subfield code="z">England.</subfield>
  </datafield>
  <datafield tag="700" ind1=" " ind2=" ">
    <subfield code="a">Hammer, Ruby</subfield>
    <subfield code="c">(Law teacher)</subfield>
    <subfield code="e">author.</subfield>
  </datafield>
  <datafield tag="700" ind1=" " ind2=" ">
    <subfield code="a">Hendy, John,</subfield>
    <subfield code="d">1980-</subfield>
    <subfield code="e">author.</subfield>
  </datafield>
  <datafield tag="856" ind1=" " ind2=" ">
    <subfield code="u">https://bibliotheque.tbs-education.fr/Default/doc/SYRACUSE/3393532/business-law-david-kelly</subfield>
  </datafield>
  <datafield tag="942" ind1=" " ind2=" ">
    <subfield code="2">lcc</subfield>
  </datafield>
  <datafield tag="952" ind1=" " ind2=" ">
    <subfield code="0">0</subfield>
    <subfield code="1">0</subfield>
    <subfield code="2">lcc</subfield>
    <subfield code="4">0</subfield>
    <subfield code="7">0</subfield>
    <subfield code="a">TBS</subfield>
    <subfield code="b">TBS</subfield>
    <subfield code="d">2025-09-15</subfield>
    <subfield code="l">0</subfield>
    <subfield code="r">2025-09-15</subfield>
    <subfield code="u">https://bibliotheque.tbs-education.fr/Default/doc/SYRACUSE/3393532/business-law-david-kelly</subfield>
    <subfield code="w">2025-09-15</subfield>
    <subfield code="y">EBOOK</subfield>
  </datafield>
  <datafield tag="999" ind1=" " ind2=" ">
    <subfield code="c">4945</subfield>
    <subfield code="d">4945</subfield>
  </datafield>
</record>
